| 000 | 01011nam a22002897i 4500 | ||
|---|---|---|---|
| 001 | B-12085 | ||
| 003 | CO-BoFNCP | ||
| 007 | t|| | ||
| 008 | 090804s2009 ck r spa d | ||
| 040 |
_aCO-BoFNCP _bspa _cCO-BoFNCP _erda |
||
| 041 | _aspa | ||
| 043 | _ack | ||
| 084 | _aA- | ||
| 110 | 1 |
_aFederación Nacional de Cultivadores de Palma de Aceite, Fedepalma [Colombia] _936940. |
|
| 245 | 1 | 0 | _aFedepalma y Cenipalma se preparan para atender los retos del sector palmicultor. Editorial. |
| 246 | 2 | _aFedepalma and Cenipalma prepare to respond to the challenges facing the oil palm sector. Editorial | |
| 264 | 4 | _c©2009 | |
| 300 | _apáginas 5-6. | ||
| 336 |
_atexto _btxt _2rdacontent |
||
| 337 |
_asin mediación _bn _2rdamedia |
||
| 338 |
_avolumen _bnc _2rdacarrier |
||
| 500 | _aEditorial en español e inglés. Versión en inglés p. 7-8. | ||
| 650 | 0 |
_aEditorial _931939. |
|
| 773 | 0 |
_aPalmas (Colombia) _gv. 30, no. 1 (2009), p.5-6 _wA- _x0121-2923 |
|
| 942 |
_2z _c1 |
||
| 999 |
_c26548 _d26548 |
||